000 00465nam a2200157 a 4500
001 000031347
005 20200930062851.0
008 110620s1930 dr 000 0 spa d
040 _aDO-SdBNP
_bspa
_cBNPHU
082 _axxxx
_bO81c
100 1 _aOscar, Armando
_924269
245 1 0 _aComo las demás... :
_bcomedia en dos actos y un cuadro.
260 _aSanto Domingo :
_bImp. de J. R. Vda. García, sucesores,
_c1930.
300 _a81 p. ;
_c21 cm.
049 _aBNPD
999 _c30839
_d30839